|
|
|
|
| LEADER |
00000nam0a2200000 4500 |
| 001 |
287286 |
| 005 |
20231101235956.0 |
| 020 |
|
|
|a RU
|b 85-51978
|
| 035 |
|
|
|a (RuTPU)RU\TPU\book\311665
|
| 090 |
|
|
|a 287286
|
| 100 |
|
|
|a 20150313d1985 k y0rusy5003 ca
|
| 101 |
0 |
|
|a rus
|
| 102 |
|
|
|a RU
|
| 105 |
|
|
|a a z 001zy
|
| 200 |
1 |
|
|a Корреляционные методы лазерно-локационных измерений скорости ветра
|f Академия наук СССР (АН СССР), Сибирское отделение (СО), Институт оптики атмосферы (ИОА) ; под ред. И. В. Самохвалова
|
| 210 |
|
|
|a Новосибирск
|c Наука
|d 1985
|
| 215 |
|
|
|a 223 с.
|c ил.
|
| 320 |
|
|
|a Библиогр.: с. 209-221
|
| 606 |
1 |
|
|a Ветер
|x Скорость
|x Измерение
|x Лазерные методы
|2 stltpush
|3 (RuTPU)RU\TPU\subj\2322
|9 30902
|
| 610 |
1 |
|
|a аэрозоли
|
| 610 |
1 |
|
|a характеристики
|
| 610 |
1 |
|
|a турбулентный перенос
|
| 610 |
1 |
|
|a неоднородности
|
| 610 |
1 |
|
|a рассеивающие свойства
|
| 610 |
1 |
|
|a корреляционные измерения
|
| 610 |
1 |
|
|a погрешности
|
| 610 |
1 |
|
|a статистическая обработка
|
| 675 |
|
|
|a 551.501.7
|v 4
|
| 702 |
|
1 |
|a Самохвалов
|b И. В.
|4 340
|
| 712 |
0 |
2 |
|a Академия наук СССР (АН СССР)
|b Сибирское отделение (СО)
|b Институт оптики атмосферы (ИОА)
|c (Томск)
|2 stltpush
|3 (RuTPU)RU\TPU\col\11569
|
| 801 |
|
0 |
|a RU
|b RuMRKP
|c 19950704
|g psbo
|
| 801 |
|
1 |
|a RU
|b 63413507
|c 20150313
|
| 801 |
|
2 |
|a RU
|b 63413507
|c 20170703
|g RCR
|
| 942 |
|
|
|c BK
|